00659nam a2200241 a 4500001001300000003000900013005001700022008004100039020001000080082001600090100001400106245001900120260003600139300000900175500003500184505004100219650001900260700001400279902000800293942000700301952009600308999001300404nice12345678IN_TiNIC20260116011347.0050524s1894 egya grp 000 0 ara  ac10000a297.4bGHA7 aGhazali,  aMeezaanul Amal aEgyptbKirdistan Al Ilmiac1894 a224p aincludes index and biblioraphy2 a12 Volumes in Bounded in Six Volumes aSufism-Ghazali1 aGhazali,  bRBA cBK 00104070aHMIbHMId2007-09-10g100.00l0o297.4 GHA7p04649r2007-09-10w2026-01-16yEB c844d844